Introduction to chemical engineering analysis /
Guardado en:
| Autor Principal: | |
|---|---|
| Otros Autores: | |
| Formato: | Libro |
| Idioma: | English |
| Publicado: |
New York :
Wiley,
c1972.
|
| Materias: | |
| Etiquetas: |
Agregar Etiqueta
Sin Etiquetas, Sea el primero en etiquetar este registro!
|
| LEADER | 00842pam a22002415a 4500 | ||
|---|---|---|---|
| 001 | EIQ.libpla003051 | ||
| 008 | 720410s1972####nyua#####b####001#0#eng#d | ||
| 005 | 20071009150649.0 | ||
| 245 | 1 | 0 | |a Introduction to chemical engineering analysis / |c [by] T. W. F. Russell and M. M. Denn. |
| 260 | |a New York : |b Wiley, |c c1972. | ||
| 300 | |a xviii, 502 p. : |b il. ; |c 23 cm. | ||
| 504 | |a Incluye referencias bibliográficas e índice. | ||
| 020 | |a 0471745456 | ||
| 100 | 1 | |a Russell, T. W. F., |d 1934- | |
| 700 | 1 | |a Denn, Morton M., |d 1939- | |
| 082 | 0 | 0 | |a 660.2 |
| 650 | 4 | |a Ingeniería química |x Análisis. | |
| 650 | 4 | |a Ingeniería química |x Procesos. | |
| 650 | 4 | |a Chemical engineering |x Analysis. | |
| 650 | 4 | |a Chemical engineering |x Processes. | |
| 010 | |a 72002173 | ||
| 040 | |a DLC |c DLC |d AR-BbSID | ||
| 859 | |a AR-BbSID |b BIB. PLAPIQUI |h 660.2 |i R 911 |p 3846 | ||
